00602nam a2200157Ia 4500082001200000100002100012245013500033260002900168300002100197650002900218650006500247650004700312650002900359650003700388710001900425 aTS.0588 aSatyanarayan, B. 0aIndia's trade with the ECAFE countries since 1951 : With special reference to trade policy for a long term strategy of development c1971bOsmania University a374p. + C D - 56 aBALANCE OF TRADE - INDIA aINDIA - FOREIGN ECONOMIC RELATIONS - ECAFE COUNTRIES - 1951- aBALANCE OF TRADE - ECAFE COUNTRIES - 1951- aINDIA - COMMERCE - 1951- aDEVALUATION OF CURRENCY - 1951-  aMathur, Gautam